|
|
|
|
| LEADER |
00991nam a2200265 a 4500 |
| 001 |
2897141 |
| 008 |
130117s1987 maua b 001 0 eng d |
| 010 |
|
|
|a 87045377
|
| 020 |
|
|
|a 9780316356367
|
| 020 |
|
|
|a 0316356360 (pbk.)
|
| 040 |
|
|
|a DLC
|c DLC
|d DLC
|d BD-DhAAL
|
| 082 |
0 |
0 |
|a 614.4
|2 19
|
| 100 |
1 |
|
|a Hennekens, Charles H.
|
| 245 |
1 |
0 |
|a Epidemiology in medicine /
|c Charles H. Hennekens, Julie E. Buring ; edited by Sherry L. Mayrent ; foreword by Sir Richard Doll.
|
| 250 |
|
|
|a 1st ed.
|
| 260 |
|
|
|a Boston :
|b Little, Brown,
|c c1987.
|
| 300 |
|
|
|a xv, 383 p. :
|b ill. ;
|c 24 cm.
|
| 504 |
|
|
|a Includes bibliographies and index.
|
| 541 |
1 |
|
|e 00026524
|
| 650 |
|
0 |
|a Epidemiology.
|
| 700 |
1 |
|
|a Buring, Julie E.
|
| 700 |
1 |
|
|a Mayrent, Sherry L.
|
| 852 |
1 |
|
|a Ayesha Abed library
|c General Shelf
|
| 999 |
|
|
|c 13120
|d 13120
|
| 952 |
|
|
|0 0
|1 0
|2 ddc
|4 0
|6 614_400000000000000_HEN
|7 0
|9 21839
|a JPGSPH
|b JPGSPH
|c GEN
|d 2013-01-21
|e Trim Education
|g 5315.00
|l 0
|o 614.4 HEN
|p 3060026524
|r 2013-01-21
|t 1
|w 2013-01-21
|y BK
|